BUBT Library Online Catalog

Advances in Filament Yarn Spinning of Textiles and Polymers (Record no. 5458)

000 -LEADER
fixed length control field 00567nam a22001937a 4500
003 - CONTROL NUMBER IDENTIFIER
control field BUBTL
008 - FIXED-LENGTH DATA ELEMENTS--GENERAL INFORMATION
fixed length control field 170524b xxu||||| |||| 00| 0 eng d
020 ## - INTERNATIONAL STANDARD BOOK NUMBER
International Standard Book Number 978-0-85709-499-5
082 ## - DEWEY DECIMAL CLASSIFICATION NUMBER
Classification number 677ZHA
100 ## - MAIN ENTRY--PERSONAL NAME
9 (RLIN) 1216
Personal name Zhang,Dong
245 ## - TITLE STATEMENT
Title Advances in Filament Yarn Spinning of Textiles and Polymers
260 ## - PUBLICATION, DISTRIBUTION, ETC. (IMPRINT)
Place of publication, distribution, etc. Amsterdam
Name of publisher, distributor, etc. The Textile Institute
Date of publication, distribution, etc. c2014
300 ## - PHYSICAL DESCRIPTION
Extent [xix],210p.
Other physical details ills.
Dimensions 21cm.
650 #0 - SUBJECT ADDED ENTRY--TOPICAL TERM
9 (RLIN) 909
Topical term or geographic name as entry element Textile Engineering
700 ## - ADDED ENTRY--PERSONAL NAME
9 (RLIN) 1217
Personal name Zhang,Dong
856 ## - ELECTRONIC LOCATION AND ACCESS
Password 0
Logon 0
Link text Download
942 ## - ADDED ENTRY ELEMENTS (KOHA)
Source of classification or shelving scheme
Koha item type Books
Holdings
Withdrawn status Lost status Source of classification or shelving scheme Damaged status Not for loan Collection code Permanent location Current location Shelving location Date acquired Inventory number Total Checkouts Full call number Barcode Date last seen Copy number Price effective from Koha item type
        Not For Loan Non-fiction Bangladesh University of Business and Technology Library Bangladesh University of Business and Technology Library Textile Engineering Stacks 04/24/2017 24020   677ZHA BUBTL-200324020 05/24/2017 C-1 05/24/2017 Books
        Not For Loan Non-fiction Bangladesh University of Business and Technology Library Bangladesh University of Business and Technology Library Textile Engineering Stacks 04/24/2017 24021   677ZHA BUBTL-200324021 05/24/2017 C-2 05/24/2017 Books
        Not For Loan Non-fiction Bangladesh University of Business and Technology Library Bangladesh University of Business and Technology Library Textile Engineering Stacks 04/24/2017 24022   677ZHA BUBTL-200324022 05/24/2017 C-3 05/24/2017 Books

More Information About Library

Library Hours

  • Open: 9.00 am. to 9.00 pm.
  • Only Sunday: 9.00 am. to 6.00 pm.
  • Closed: Holiday

Contact to the University

Bangladesh University of Business and Technology Library

  • Mirpurl-2, 1216.
  • Phone:
  • Fax:
  • E-Mail: admin.library@bubt.edu.bd

Contact to the Library

Contact Person:

Md. Abdul Hakim Shah
Joint Librarian
PABX No:  113
Cell No: 01816332931
E-mail: official: admin.library@bubt.edu.bd
Personal: hakim.shah@bubt.edu.bd


BUBT Library

Copyright © 2021